[Event "8' Torneo Internazionale di Scacchi"]
[Site "?"]
[Date "2023.09.03"]
[Round "4"]
[White "Vancini, Edoardo"]
[Black "D'angerio , Alessandro"]
[Result "0-1"]
[WhiteElo "2243"]
[BlackElo "2050"]
[PlyCount "58"]
[EventDate "2023.??.??"]
[SourceDate "2023.09.03"]

1. d4 d5 2. c4 e6 3. Nc3 Nf6 4. Bg5 Be7 5. e3 O-O 6. Nf3 Nbd7 7. cxd5 exd5 8.
Qc2 c6 9. Bd3 Re8 10. O-O Nf8 11. h3 g6 12. Ne5 N6d7 13. Bf4 Ne6 14. Bh2 Nxe5
15. Bxe5 Ng7 16. Rab1 Bf5 17. b4 Bd6 18. Bxg7 Bxd3 19. Qxd3 Kxg7 20. b5 Qh4 21.
bxc6 bxc6 22. Rb7 Re6 23. Re1 Rae8 24. Re2 h5 25. Reb2 Rxe3 26. fxe3 Qe1+ 27.
Qf1 Bh2+ 28. Kxh2 Qxf1 29. Re2 Rxe3 0-1